| 000 | 00922nam a2200253 a 4500 | ||
|---|---|---|---|
| 001 | 000017382 | ||
| 005 | 20240530073918.0 | ||
| 008 | 100324s1974 dr a r 001 f spa d | ||
| 040 |
_aDO-SdBNP _bspa _cBNPHU |
||
| 082 |
_aRD863.42 _bG643t, 1974 |
||
| 100 | 1 |
_aGonzález Herrera, Julio, _d1902-1961 _938061 |
|
| 245 | 1 | 0 |
_aTrementina, clerén i bongó / _cJulio González Herrera. |
| 250 | _a2ª. ed. facsimilar | ||
| 260 |
_aSanto Domingo : _b[s.n.], _c1974. |
||
| 300 |
_a229 p. : _bil. ; _c23 cm. |
||
| 490 | 1 |
_aBiblioteca Pedro Henríquez Ureña _v6 |
|
| 500 | _aIncluye datos biográficos del autor. | ||
| 533 |
_aFacsímil: _bCiudad Trujillo, República Dominicana : _cPol Hermanos, _d1943 |
||
| 590 | _aInventariado, 2019 / DG | ||
| 650 | 0 |
_aNovela dominicana _9223 |
|
| 650 | 0 |
_aLiteratura dominicana. _967 |
|
| 830 | 0 |
_aBiblioteca Pedro Henríquez Ureña _n6 _938062 |
|
| 910 | _aValidado. Control de calidad. EMS | ||
| 999 |
_c16907 _d16907 |
||